000 01614cam a22003734a 4500
001 12018020
003 OSt
005 20140909153932.0
008 000523s2001 enk b 001 0 eng
010 _a 00040461
020 _a0333748441 (cloth)
040 _aDLC
_cDLC
_dDLC
042 _apcc
043 _afs-----
050 0 0 _aHC900
_b.P65 2001
082 0 0 _a337.16
_221
_bPOK 2001
100 1 _aPoku, Nana,
_d1971-
_91007
245 1 0 _aRegionalization and security in Southern Africa /
_cNana Poku.
260 _aHoundmills, Basingstoke, Hampshire ;
_aNew York :
_bPalgrave,
_c2001.
300 _axv, 164 p. ;
_c22 cm.
490 1 _aInternational political economy series
504 _aIncludes bibliographical references (p. 151-157) and index.
650 0 _aSecurity, International.
_91008
651 0 _aAfrica, Southern
_xEconomic integration.
_91009
651 0 _aAfrica, Southern
_xDependency on foreign countries.
_91010
651 0 _aAfrica, Southern
_xEconomic conditions.
_91011
830 0 _aInternational political economy series (Palgrave (Firm))
_91006
856 4 2 _3Contributor biographical information
_uhttp://www.loc.gov/catdir/bios/hol058/00040461.html
856 4 2 _3Publisher description
_uhttp://www.loc.gov/catdir/description/hol051/00040461.html
856 4 1 _3Table of contents
_uhttp://www.loc.gov/catdir/toc/hol051/00040461.html
906 _a7
_bcbc
_corignew
_d1
_eocip
_f20
_gy-gencatlg
942 _2ddc
_cSLOAN
999 _c385
_d385